[Event "Schachfestival 2012"]
[Site "Bad WÃ¶rishofen"]
[Date "2012.03.02"]
[Round "1.1"]
[White "Zubarev, Alexander"]
[Black "Kretschel, Klaus"]
[Result "1-0"]
[WhiteElo "2597"]
[BlackElo "2037"]
[PlyCount "81"]
[EventDate "2012.??.??"]

1. e4 e5 2. d4 exd4 3. c3 d5 4. exd5 Nf6 5. Bb5+ Nbd7 6. Qxd4 a6 7. Bxd7+ Qxd7
8. c4 b5 9. Nc3 bxc4 10. Bg5 Be7 11. Nf3 O-O 12. O-O Bb7 13. Rfe1 Rfe8 14. Rad1
Bd8 15. Qxc4 Rxe1+ 16. Rxe1 h6 17. Ne5 Qd6 18. Bf4 Nxd5 19. Rd1 c6 20. Nxf7
Qxf4 21. Qxf4 Nxf4 22. Nxd8 Bc8 23. Nxc6 Bb7 24. Ne7+ Kf7 25. Ned5 Nxd5 26.
Nxd5 Rd8 27. Ne3 Rxd1+ 28. Nxd1 Ke6 29. f3 Ke5 30. Kf2 Kd4 31. Ke2 Bd5 32. b3
a5 33. Kd2 a4 34. bxa4 Bxa2 35. Ne3 g6 36. h4 h5 37. a5 Kc5 38. Kc3 Kb5 39. Kd4
Kxa5 40. Nd5 Bb1 41. Ke5 1-0

[Event "Schachfestival 2012"]
[Site "Bad WÃ¶rishofen"]
[Date "2012.03.02"]
[Round "1.2"]
[White "Wörl, Richard"]
[Black "Epishin, Vladimir"]
[Result "0-1"]
[WhiteElo "2037"]
[BlackElo "2559"]
[PlyCount "102"]
[EventDate "2012.??.??"]

1. e4 c5 2. c3 e6 3. Nf3 d5 4. Bb5+ Bd7 5. Bxd7+ Qxd7 6. exd5 Qxd5 7. O-O Nf6
8. Na3 Nbd7 9. Qe2 a6 10. Re1 Be7 11. Nc4 O-O 12. d4 cxd4 13. Nxd4 b5 14. Ne3
Qb7 15. a3 Rfe8 16. Ng4 Bc5 17. Nxf6+ Nxf6 18. Qf3 Nd5 19. Nc2 Rad8 20. Be3 Bf8
21. Rad1 Rd7 22. Nb4 Red8 23. Bd4 a5 24. Nd3 Ne7 25. Nc5 Qxf3 26. gxf3 Rd5 27.
Nb7 R8d7 28. Nc5 Rc7 29. Ne4 Rc6 30. Be3 f6 31. Rxd5 Nxd5 32. Nd2 a4 33. Kf1
Kf7 34. Ke2 f5 35. f4 Bd6 36. Kf3 h6 37. h3 e5 38. fxe5 Bxe5 39. Nb1 Kf6 40.
Bd4 Bxd4 41. cxd4 Rc4 42. Rd1 g5 43. Rd3 Rc2 44. Nc3 Ke6 45. Nxd5 Kxd5 46. b3
Rb2 47. bxa4 bxa4 48. Ke3 h5 49. Rc3 Rb3 50. Kd3 Rxc3+ 51. Kxc3 h4 0-1

[Event "Schachfestival 2012"]
[Site "Bad WÃ¶rishofen"]
[Date "2012.03.02"]
[Round "1.3"]
[White "Teske, Henrik"]
[Black "Guggenberger, Guido"]
[Result "1-0"]
[WhiteElo "2554"]
[BlackElo "2031"]
[PlyCount "58"]
[EventDate "2012.??.??"]

1. e4 e6 2. d4 d5 3. Nc3 Nf6 4. Bg5 Bb4 5. e5 h6 6. Be3 Ne4 7. Nge2 c5 8. a3
Bxc3+ 9. Nxc3 Nxc3 10. bxc3 Nc6 11. Qg4 g6 12. Bb5 Qa5 13. Bxc6+ bxc6 14. O-O
Qxc3 15. dxc5 Qxc2 16. Rab1 h5 17. Qh4 Ba6 18. Rfc1 Qf5 19. Rb4 g5 20. Bxg5 Rg8
21. f4 Qd3 22. Qe1 Kd7 23. Rc3 Qg6 24. Rcb3 Kc7 25. h3 Qc2 26. Kh2 Qxc5 27. Qh4
Rae8 28. Qxh5 Qf8 29. Ra4 Bb5 1-0

[Event "Schachfestival 2012"]
[Site "Bad WÃ¶rishofen"]
[Date "2012.03.02"]
[Round "1.5"]
[White "Levin, Felix"]
[Black "Goris, Ton"]
[Result "1-0"]
[WhiteElo "2502"]
[BlackElo "2027"]
[PlyCount "45"]
[EventDate "2012.??.??"]

1. d4 e6 2. c4 Nf6 3. g3 c5 4. Nf3 d5 5. cxd5 Nxd5 6. Bg2 Nc6 7. O-O Be7 8.
dxc5 Bxc5 9. a3 a5 10. Qc2 Qb6 11. Nbd2 Nd4 12. Nxd4 Bxd4 13. Nb3 Bd7 14. Nxd4
Qxd4 15. e4 Rc8 16. Qd2 Qxd2 17. Bxd2 Rc2 18. Bxa5 b6 19. Be1 Bb5 20. exd5 exd5
21. Bc3 Bxf1 22. Bxf1 O-O 23. Bd3 1-0

[Event "Schachfestival 2012"]
[Site "Bad WÃ¶rishofen"]
[Date "2012.03.02"]
[Round "1.6"]
[White "Blaeser, Romain"]
[Black "Pap, Misa"]
[Result "0-1"]
[WhiteElo "2022"]
[BlackElo "2501"]
[PlyCount "68"]
[EventDate "2012.??.??"]

1. g3 g6 2. Bg2 Bg7 3. Nf3 c5 4. d3 Nc6 5. e4 e6 6. O-O Nge7 7. c3 O-O 8. Na3
d5 9. Bf4 a6 10. Qd2 e5 11. Bh6 d4 12. cxd4 Nxd4 13. Nxd4 Bxh6 14. Qxh6 Qxd4
15. Qe3 Be6 16. Qxd4 cxd4 17. f4 f6 18. b3 Rfc8 19. fxe5 fxe5 20. Nc4 Bxc4 21.
bxc4 b5 22. Bh3 Rc6 23. Rac1 Kg7 24. Bd7 Rd6 25. Bg4 Ra7 26. cxb5 axb5 27. Rc5
h5 28. Bd1 Nc6 29. Rxb5 Rxa2 30. Rb7+ Kh6 31. Rff7 Nd8 32. Rh7+ Kg5 33. h4+ Kf6
34. Bxh5 Nxb7 0-1

[Event "Schachfestival 2012"]
[Site "Bad WÃ¶rishofen"]
[Date "2012.03.02"]
[Round "1.7"]
[White "Meister, Jakob"]
[Black "Remensberger, Hansuli"]
[Result "1-0"]
[WhiteElo "2494"]
[BlackElo "2018"]
[PlyCount "67"]
[EventDate "2012.??.??"]

1. c4 e5 2. e3 Nf6 3. Nc3 Bb4 4. Nge2 O-O 5. a3 Bxc3 6. Nxc3 d5 7. cxd5 Nxd5 8.
Qc2 Nc6 9. b4 Be6 10. Ne4 a6 11. Nc5 Bc8 12. Bb2 Qd6 13. Rc1 Nde7 14. Bd3 f5
15. O-O Kh8 16. Be2 Rb8 17. f4 e4 18. Rfd1 Qg6 19. Qb3 Rd8 20. Bc4 Rd6 21. d3
b6 22. Nxa6 Bxa6 23. Bxa6 Rbd8 24. dxe4 Rd2 25. Bf1 R8d3 26. Qxd3 Rxd3 27. Rxd3
fxe4 28. Rd7 Qe6 29. Rxc7 Qb3 30. R1xc6 Qxe3+ 31. Kh1 Qf2 32. Rc1 Qxb2 33. Rxe7
h6 34. Re1 1-0

[Event "Schachfestival 2012"]
[Site "Bad WÃ¶rishofen"]
[Date "2012.03.02"]
[Round "1.8"]
[White "Harsch, Martin"]
[Black "Meijers, Viesturs"]
[Result "0-1"]
[WhiteElo "2017"]
[BlackElo "2490"]
[PlyCount "48"]
[EventDate "2012.??.??"]

1. e4 c5 2. Nf3 e6 3. c3 d5 4. exd5 Qxd5 5. d4 Nf6 6. Na3 a6 7. Nc4 Nbd7 8. a4
b6 9. Be2 Bb7 10. Bf4 cxd4 11. cxd4 Bb4+ 12. Bd2 Bxd2+ 13. Qxd2 O-O 14. O-O
Rfd8 15. Qb4 a5 16. Qe7 Re8 17. Qa3 Ba6 18. Rac1 Rec8 19. Ne3 Qb7 20. Bxa6 Qxa6
21. Qd6 Qb7 22. Ne5 Nf8 23. Rfd1 Ng6 24. N3c4 Nf4 0-1

[Event "Schachfestival 2012"]
[Site "Bad WÃ¶rishofen"]
[Date "2012.03.02"]
[Round "1.9"]
[White "Mainka, Romuald"]
[Black "Van Eck, Ted"]
[Result "1-0"]
[WhiteElo "2481"]
[BlackElo "2015"]
[PlyCount "65"]
[EventDate "2012.??.??"]

1. e4 c6 2. d4 d5 3. e5 Na6 4. c3 Nc7 5. Bd3 g6 6. h3 h5 7. Nf3 Nh6 8. Na3 Bg7
9. Nc2 Bf5 10. Bxh6 Bxh6 11. Bxf5 gxf5 12. Nb4 Ne6 13. Nh4 Ng7 14. Nd3 e6 15.
Nf3 h4 16. a4 Nh5 17. O-O Nf4 18. Nxf4 Bxf4 19. Kh1 Qe7 20. b4 O-O-O 21. Qe2
Rdg8 22. Rg1 Rg6 23. Ne1 Qg5 24. b5 c5 25. dxc5 f6 26. Nf3 Qh5 27. exf6 Rxf6
28. b6 axb6 29. a5 bxc5 30. a6 bxa6 31. Rxa6 Qe8 32. Ra8+ Bb8 33. Rxb8+ 1-0

[Event "Schachfestival 2012"]
[Site "Bad WÃ¶rishofen"]
[Date "2012.03.02"]
[Round "1.11"]
[White "Gutman, Lev"]
[Black "Mack, Thomas"]
[Result "1-0"]
[WhiteElo "2452"]
[BlackElo "2014"]
[PlyCount "29"]
[EventDate "2012.??.??"]

1. Nf3 Nf6 2. g3 g6 3. Bg2 Bg7 4. O-O O-O 5. d4 d5 6. c4 c6 7. cxd5 cxd5 8. Nc3
Nc6 9. Ne5 Be6 10. Bf4 Nd7 11. Nxc6 bxc6 12. Qd2 Nf6 13. Rac1 Nh5 14. Be3 Qa5
15. Nxd5 1-0

[Event "Schachfestival 2012"]
[Site "Bad WÃ¶rishofen"]
[Date "2012.03.02"]
[Round "1.12"]
[White "Valet, Richard"]
[Black "Karpatchev, Alexandr"]
[Result "0-1"]
[WhiteElo "2012"]
[BlackElo "2443"]
[PlyCount "78"]
[EventDate "2012.??.??"]

1. e4 e5 2. Nf3 Nc6 3. Bc4 Nf6 4. d3 Be7 5. O-O O-O 6. c3 d5 7. exd5 Nxd5 8.
Re1 Bg4 9. Nbd2 Nb6 10. Bb5 f6 11. Qb3+ Kh8 12. d4 Bd6 13. a4 exd4 14. Bxc6
bxc6 15. Nxd4 Qd7 16. Nc4 Rae8 17. Bd2 c5 18. Nb5 Be6 19. Nbxd6 Bxc4 20. Nxc4
Nxc4 21. Qxc4 Qxd2 22. Red1 Qxb2 23. Qxc5 h6 24. g3 f5 25. Rab1 Qc2 26. Qxa7 f4
27. Rbc1 Qf5 28. Re1 f3 29. Rxe8 Rxe8 30. Qa6 Re2 31. Qc6 Qd3 32. Qc5 Rd2 33.
Qb5 Qe2 34. Rf1 c6 35. Qb8+ Kh7 36. Qb1+ Kg8 37. Qb8+ Kf7 38. Qf4+ Ke7 39. Qc7+
Rd7 0-1

[Event "Schachfestival 2012"]
[Site "Bad WÃ¶rishofen"]
[Date "2012.03.02"]
[Round "1.13"]
[White "Zude, Arno"]
[Black "von Saldern, Rüdiger"]
[Result "1-0"]
[WhiteElo "2442"]
[BlackElo "2010"]
[PlyCount "87"]
[EventDate "2012.??.??"]

1. e4 e5 2. Nf3 Nc6 3. Bb5 a6 4. Bxc6 dxc6 5. O-O Bg4 6. h3 Bxf3 7. Qxf3 Qf6 8.
Qg3 Bd6 9. d3 h6 10. Nd2 O-O-O 11. Nc4 g5 12. Bd2 Ne7 13. d4 Ng6 14. Qg4+ Kb8
15. Qf5 Qe6 16. Qxe6 fxe6 17. dxe5 Nxe5 18. Ne3 Rhf8 19. Bc3 Rf4 20. Rfe1 Rxe4
21. Nf1 Rxe1 22. Rxe1 Ng6 23. Rxe6 Rg8 24. g3 Kc8 25. Ne3 Kd7 26. Rf6 h5 27.
Nf5 Be5 28. Bxe5 Nxe5 29. Ne3 h4 30. Rf5 Ke6 31. g4 Rg7 32. Kf1 c5 33. Ng2 b5
34. f4 Nxg4 35. hxg4 h3 36. Ne1 gxf4 37. Rxf4 Ke5 38. Nd3+ Kd5 39. Nf2 h2 40.
Rf5+ Kd4 41. Ke2 Rxg4 42. c3+ Kc4 43. Nxg4 b4 44. Nxh2 1-0

[Event "Schachfestival 2012"]
[Site "Bad WÃ¶rishofen"]
[Date "2012.03.02"]
[Round "1.22"]
[White "Espig, Lutz"]
[Black "Spanton, Tim"]
[Result "1/2-1/2"]
[WhiteElo "2343"]
[BlackElo "1968"]
[PlyCount "51"]
[EventDate "2012.??.??"]

1. Nf3 Nc6 2. d4 d5 3. Bf4 Bg4 4. e3 e6 5. c4 Bd6 6. Bg3 Nf6 7. Nc3 O-O 8. cxd5
exd5 9. Bb5 Ne7 10. Bh4 Ne4 11. Nxd5 g5 12. Bxg5 Bxf3 13. gxf3 Nxg5 14. Nf6+
Kh8 15. f4 Bb4+ 16. Kf1 Nd5 17. fxg5 Nxf6 18. Qd3 Qd5 19. Rg1 Rg8 20. gxf6
Rxg1+ 21. Kxg1 Rg8+ 22. Kf1 Qg2+ 23. Ke2 Qg4+ 24. Kf1 Qh3+ 25. Ke2 Qg4+ 26. Kf1
1/2-1/2

[Event "Schachfestival 2012"]
[Site "Bad WÃ¶rishofen"]
[Date "2012.03.03"]
[Round "2.1"]
[White "Keller, Manfred"]
[Black "Zubarev, Alexander"]
[Result "0-1"]
[WhiteElo "2180"]
[BlackElo "2597"]
[PlyCount "78"]
[EventDate "2012.??.??"]

1. Nf3 c5 2. b3 Nf6 3. Bb2 e6 4. e3 Be7 5. Be2 Nc6 6. O-O O-O 7. c4 d5 8. cxd5
Nxd5 9. Nc3 Nf6 10. d4 Qa5 11. dxc5 Rd8 12. Qe1 Qxc5 13. Na4 Qf5 14. Nd4 Nxd4
15. Bxd4 Bd7 16. Qb1 Qa5 17. Bf3 e5 18. Bc3 Qb5 19. Rd1 Be6 20. Qb2 e4 21. Be2
Qg5 22. Be5 Nd5 23. Rac1 h5 24. Kh1 Nb4 25. Bf4 Qg6 26. Qe5 Nd3 27. Bxd3 exd3
28. Qb2 h4 29. f3 h3 30. e4 Ba3 31. Qf2 Bxc1 32. Bxc1 d2 33. Rxd2 Rxd2 34. Bxd2
Rd8 35. gxh3 Bxh3 36. Nc3 Qg2+ 37. Qxg2 Bxg2+ 38. Kxg2 Rxd2+ 39. Kg3 Rc2 0-1

[Event "Schachfestival 2012"]
[Site "Bad WÃ¶rishofen"]
[Date "2012.03.03"]
[Round "2.2"]
[White "Epishin, Vladimir"]
[Black "Ballon, Günther Jan"]
[Result "1-0"]
[WhiteElo "2559"]
[BlackElo "2183"]
[PlyCount "65"]
[EventDate "2012.??.??"]

1. d4 d5 2. c4 e6 3. Nf3 Nf6 4. Bg5 Nbd7 5. e3 c6 6. Nbd2 h6 7. Bh4 Be7 8. Bd3
O-O 9. O-O b6 10. Qe2 Bb7 11. Rfd1 c5 12. cxd5 Nxd5 13. Bg3 cxd4 14. Nxd4 N7f6
15. a3 Bd6 16. Nc4 Bxg3 17. hxg3 Ne7 18. Nb5 Qb8 19. e4 e5 20. Nbd6 Nc6 21.
Nxb7 Qxb7 22. Nd6 Qb8 23. Nf5 Rd8 24. Bb5 Na5 25. b4 a6 26. Rxd8+ Qxd8 27. Rd1
Qc7 28. Bxa6 Nb3 29. Bc4 Nd4 30. Nxd4 exd4 31. e5 Re8 32. f4 Nh5 33. Bb5 1-0

[Event "Schachfestival 2012"]
[Site "Bad WÃ¶rishofen"]
[Date "2012.03.03"]
[Round "2.3"]
[White "Kugelmann, Werner"]
[Black "Teske, Henrik"]
[Result "0-1"]
[WhiteElo "2171"]
[BlackElo "2554"]
[PlyCount "48"]
[EventDate "2012.??.??"]

1. e4 Nf6 2. e5 Nd5 3. d4 d6 4. c4 Nb6 5. f4 Bf5 6. Nc3 Nc6 7. Be3 g5 8. Nf3
gxf4 9. Bxf4 dxe5 10. Bxe5 Nxe5 11. Nxe5 Bg7 12. Nf3 Qd7 13. Be2 O-O-O 14. O-O
e6 15. c5 Nd5 16. Qd2 h5 17. Ne5 Bxe5 18. dxe5 Nxc3 19. Qxc3 Qd2 20. Bf3 Qxc3
21. bxc3 Rd3 22. Rac1 h4 23. Rf2 h3 24. g3 Re3 0-1

[Event "Schachfestival 2012"]
[Site "Bad WÃ¶rishofen"]
[Date "2012.03.03"]
[Round "2.6"]
[White "Pap, Misa"]
[Black "Kozlov, Alexander"]
[Result "1-0"]
[WhiteElo "2501"]
[BlackElo "2170"]
[PlyCount "79"]
[EventDate "2012.??.??"]

1. e4 d6 2. d4 Nf6 3. Nc3 e5 4. dxe5 dxe5 5. Qxd8+ Kxd8 6. Bg5 Be6 7. O-O-O+
Ke8 8. Nf3 Bd6 9. Bb5+ Nfd7 10. Be3 f6 11. Ba4 a6 12. Nd5 Kf7 13. Nh4 g6 14. g3
Rc8 15. f4 Bc5 16. Bxd7 Nxd7 17. Bxc5 Nxc5 18. fxe5 Nxe4 19. Nxf6 Nf2 20. Nxh7
Kg8 21. Ng5 Bf5 22. h3 Nxh1 23. Rxh1 Kg7 24. Rd1 Kh6 25. Nhf3 Re8 26. Rd4 Kg7
27. g4 Bc8 28. Kd2 Re7 29. Rc4 Rb8 30. Ke3 b5 31. Rc5 Rb6 32. Nd4 Kf8 33. Kf4
Ke8 34. e6 Rd6 35. Ke5 Bb7 36. c3 Bc8 37. Kf6 Bb7 38. Kxg6 Rd5 39. Rxd5 Bxd5
40. Nf5 1-0

[Event "Schachfestival 2012"]
[Site "Bad WÃ¶rishofen"]
[Date "2012.03.03"]
[Round "2.9"]
[White "Dewenter, Ulf"]
[Black "Mainka, Romuald"]
[Result "0-1"]
[WhiteElo "2146"]
[BlackElo "2481"]
[PlyCount "34"]
[EventDate "2012.??.??"]

1. Nf3 e6 2. c4 c5 3. e3 Nf6 4. Nc3 Nc6 5. d4 d5 6. Be2 a6 7. O-O dxc4 8. Bxc4
b5 9. Be2 Bb7 10. Re1 Qc7 11. a3 Rd8 12. h3 Be7 13. Bd3 cxd4 14. exd4 Nxd4 15.
Nxd4 Rxd4 16. Be3 Rd7 17. Rc1 Qd8 0-1

[Event "Schachfestival 2012"]
[Site "Bad WÃ¶rishofen"]
[Date "2012.03.03"]
[Round "2.13"]
[White "Lodes, Hermann"]
[Black "Zude, Arno"]
[Result "0-1"]
[WhiteElo "2126"]
[BlackElo "2442"]
[PlyCount "84"]
[EventDate "2012.??.??"]

1. e4 e5 2. Nf3 Nc6 3. d4 exd4 4. Nxd4 Nf6 5. Nxc6 bxc6 6. e5 Qe7 7. Qe2 Nd5 8.
c4 Ba6 9. b3 g6 10. f4 d6 11. Qf2 Nf6 12. Be2 dxe5 13. Ba3 Qe6 14. Bxf8 Rxf8
15. Nc3 exf4 16. Qxf4 O-O-O 17. O-O Nd7 18. Qf2 Kb8 19. Rae1 f5 20. Bf3 Qf6 21.
Na4 Ne5 22. Rd1 Nxf3+ 23. Qxf3 Rxd1 24. Rxd1 Rd8 25. h3 Rxd1+ 26. Qxd1 Bc8 27.
Qd2 g5 28. Nc3 f4 29. Ne4 Qe7 30. Qd4 h5 31. Kf2 g4 32. hxg4 hxg4 33. Nf6 Bf5
34. c5 Qg7 35. Qd8+ Kb7 36. Qd4 Qh6 37. Qb4+ Kc8 38. Qd4 Qh4+ 39. Ke2 f3+ 40.
Kf1 Qh1+ 41. Qg1 Bd3+ 42. Kf2 g3+ 0-1

[Event "Schachfestival 2012"]
[Site "Bad WÃ¶rishofen"]
[Date "2012.03.03"]
[Round "2.34"]
[White "Mader, Manuela"]
[Black "Sonnhalter, Stella"]
[Result "0-1"]
[WhiteElo "2201"]
[BlackElo "1788"]
[PlyCount "80"]
[EventDate "2012.??.??"]

1. d4 Nf6 2. c4 e6 3. Nf3 b6 4. g3 Ba6 5. Qc2 Bb7 6. Bg2 Be4 7. Qd1 c5 8. d5
exd5 9. Nc3 Nc6 10. cxd5 Bxf3 11. Bxf3 Nd4 12. d6 Bxd6 13. Bxa8 Qxa8 14. O-O h5
15. h4 O-O 16. Be3 Nf5 17. Qd3 Nxe3 18. Qxe3 Re8 19. Qd3 Be5 20. Rad1 Qb8 21.
Qf3 Bxc3 22. bxc3 Qe5 23. Rfe1 d5 24. Qd3 Ne4 25. Rc1 Re6 26. f4 Qd6 27. Rf1
Nxg3 28. Qxg3 Rg6 29. Qxg6 Qxg6+ 30. Kf2 Qg4 31. Ke3 Qxh4 32. Rcd1 Qe7+ 33. Kf2
Qe4 34. Ke1 Qc4 35. Rf3 Qxa2 36. Rfd3 Qc4 37. Rxd5 Qxf4 38. Rxh5 g6 39. Rd8+
Kg7 40. Rhd5 Qc1+ 0-1

[Event "Schachfestival 2012"]
[Site "Bad WÃ¶rishofen"]
[Date "2012.03.03"]
[Round "2.26"]
[White "Steinbacher, Matthias"]
[Black "Deues, Erik"]
[Result "1-0"]
[WhiteElo "2247"]
[BlackElo "2065"]
[PlyCount "65"]
[EventDate "2012.??.??"]

1. d4 Nf6 2. c4 g6 3. Nc3 d5 4. Nf3 Bg7 5. Bg5 Ne4 6. Bh4 c5 7. cxd5 Nxc3 8.
bxc3 Qxd5 9. e3 cxd4 10. cxd4 Nc6 11. Be2 O-O 12. O-O e5 13. dxe5 Qxd1 14.
Rfxd1 Nxe5 15. Nd4 Bd7 16. Rab1 Ba4 17. Rdc1 Nc6 18. Nb5 Bxb5 19. Rxb5 Rfc8 20.
Rxb7 h5 21. Bf1 a5 22. a4 Be5 23. f4 Bg7 24. Kf2 Nb4 25. Rbc7 Rcb8 26. Bc4 Kh8
27. Rd1 Na2 28. Kf3 Nc3 29. Rdd7 Nxa4 30. Bxf7 Nb6 31. Re7 a4 32. Ba2 Bb2 33.
Rh7# 1-0

[Event "Schachfestival 2012"]
[Site "Bad WÃ¶rishofen"]
[Date "2012.03.03"]
[Round "2.35"]
[White "Reichenbacher, Gerhard"]
[Black "Felgendreher, Heiko"]
[Result "0-1"]
[WhiteElo "1846"]
[BlackElo "2196"]
[PlyCount "78"]
[EventDate "2012.??.??"]

1. c4 Nf6 2. g3 e5 3. Bg2 d5 4. cxd5 Nxd5 5. Nc3 Nb6 6. Nf3 Nc6 7. O-O Be7 8.
d3 O-O 9. Be3 Be6 10. Qd2 f6 11. a3 Na5 12. Rab1 Nb3 13. Qd1 c6 14. Nd2 Nd4 15.
Bxd4 exd4 16. Na4 Nd7 17. b4 a5 18. b5 Bxa3 19. bxc6 bxc6 20. Bxc6 Rb8 21. Rxb8
Nxb8 22. Bb5 Bb4 23. Bc4 Bxc4 24. Nxc4 Re8 25. e4 dxe3 26. fxe3 Na6 27. Qb3 Kh8
28. Rf4 Qd5 29. Nab6 Qf7 30. Rd4 Nc5 31. Qc2 Rb8 32. Nd6 Qb3 33. Qxb3 Nxb3 34.
Nf7+ Kg8 35. Rd8+ Rxd8 36. Nxd8 Bc5 37. Nc4 a4 38. d4 a3 39. dxc5 a2 0-1

[Event "Schachfestival 2012"]
[Site "Bad WÃ¶rishofen"]
[Date "2012.03.03"]
[Round "2.50"]
[White "Matzat, Andre"]
[Black "Schinnerl, Werner"]
[Result "1-0"]
[WhiteElo "2128"]
[BlackElo "1921"]
[PlyCount "59"]
[EventDate "2012.??.??"]

1. d4 Nf6 2. Bf4 e6 3. e3 d5 4. Nd2 c5 5. c3 Nc6 6. Ngf3 Nh5 7. Bg5 f6 8. Bh4
g6 9. Be2 Ng7 10. dxc5 Bxc5 11. e4 O-O 12. O-O g5 13. Bg3 Nh5 14. Nb3 Nxg3 15.
hxg3 dxe4 16. Nxc5 exf3 17. gxf3 Qe7 18. Ne4 Rd8 19. Qc2 f5 20. Nd2 b6 21. Rfe1
Bb7 22. Bc4 Qc5 23. Bxe6+ Kg7 24. Nb3 Ne5 25. Nxc5 Nxf3+ 26. Kf1 Nh2+ 27. Ke2
Bf3+ 28. Ke3 bxc5 29. Qxf5 Rf8 30. Qxg5+ 1-0

[Event "Schachfestival 2012"]
[Site "Bad WÃ¶rishofen"]
[Date "2012.03.03"]
[Round "2.51"]
[White "Bauder, Herbert"]
[Black "Fiedler, Wolfgang"]
[Result "1/2-1/2"]
[WhiteElo "1932"]
[BlackElo "2040"]
[PlyCount "84"]
[EventDate "2012.??.??"]

1. d4 g6 2. c4 Bg7 3. Nf3 c6 4. Nc3 d5 5. cxd5 cxd5 6. e3 Nc6 7. Be2 Nf6 8. O-O
O-O 9. a3 h6 10. Bd2 Ne4 11. Be1 Be6 12. Rc1 Nd6 13. b3 Rc8 14. Na4 b6 15. h3
Rc7 16. Bd3 Qd7 17. Nc3 Na5 18. Qc2 Rfc8 19. Qb2 Bf5 20. Bxf5 Qxf5 21. Bd2 e6
22. Rfd1 Qd3 23. Ne1 Qa6 24. Na2 Qb5 25. Bxa5 Qxa5 26. Rxc7 Rxc7 27. Rc1 Rxc1
28. Qxc1 Bf8 29. Nd3 Ne4 30. Nab4 Qb5 31. a4 Qd7 32. Qc6 Qxc6 33. Nxc6 a5 34.
Nde5 Bd6 35. Nd7 Bc7 36. Ne7+ Kg7 37. Nc8 Nd2 38. Ncxb6 Nxb3 39. Na8 Bd6 40.
Nab6 f6 41. Nc8 Bb4 42. Na7 Nd2 1/2-1/2

[Event "Schachfestival 2012"]
[Site "Bad WÃ¶rishofen"]
[Date "2012.03.03"]
[Round "2.56"]
[White "Goris, Ton"]
[Black "Bigott, Martin"]
[Result "1-0"]
[WhiteElo "2027"]
[BlackElo "1876"]
[PlyCount "61"]
[EventDate "2012.??.??"]

1. e4 Nf6 2. e5 Nd5 3. c4 Nb6 4. d4 d6 5. f4 Bf5 6. Nc3 e6 7. Be3 dxe5 8. fxe5
Be7 9. Nf3 O-O 10. Be2 f6 11. exf6 Bxf6 12. O-O Nc6 13. Qd2 Qe7 14. Rad1 Rad8
15. Qc1 h6 16. h3 Kh8 17. d5 Bxc3 18. dxc6 Bf6 19. cxb7 Be4 20. c5 Nd5 21. Bd4
e5 22. Bf2 Nf4 23. Rfe1 Nxe2+ 24. Rxe2 Rxd1+ 25. Qxd1 Bxb7 26. Rd2 Bxf3 27.
Qxf3 Bg5 28. Rd7 Qe8 29. Qd5 Rf5 30. h4 Bf6 31. Rxc7 1-0

[Event "Schachfestival 2012"]
[Site "Bad WÃ¶rishofen"]
[Date "2012.03.03"]
[Round "2.69"]
[White "Dahmen, Jürgen"]
[Black "Klein, Gereon"]
[Result "1/2-1/2"]
[WhiteElo "1749"]
[BlackElo "1982"]
[PlyCount "54"]
[EventDate "2012.??.??"]

1. c4 c5 2. g3 Nc6 3. Bg2 g6 4. Nc3 Bg7 5. Nf3 e6 6. O-O Nge7 7. a3 O-O 8. Qc2
d6 9. d3 Rb8 10. Bf4 a6 11. Ne4 e5 12. Bg5 f5 13. Bxe7 Nxe7 14. Nc3 Kh8 15. Nd2
Bd7 16. Nd5 Nxd5 17. Bxd5 Bc6 18. Bf3 Rf7 19. Rab1 Bxf3 20. Nxf3 b5 21. Nd2 b4
22. Qa4 Rfb7 23. Qc6 Rb6 24. Qd5 Bh6 25. e3 Qg8 26. Qxg8+ Kxg8 27. a4 Kf7
1/2-1/2

[Event "Schachfestival 2012"]
[Site "Bad WÃ¶rishofen"]
[Date "2012.03.04"]
[Round "3.1"]
[White "Zubarev, Alexander"]
[Black "Kummerow, Heiko"]
[Result "1-0"]
[WhiteElo "2597"]
[BlackElo "2372"]
[PlyCount "51"]
[EventDate "2012.??.??"]

1. g3 g6 2. Bg2 Bg7 3. d4 d6 4. e4 Nf6 5. Nc3 O-O 6. Nge2 Nbd7 7. h3 c6 8. a4
a5 9. O-O e5 10. Be3 exd4 11. Bxd4 Re8 12. f4 h5 13. Bf2 Qe7 14. Re1 Nc5 15.
Nd4 Ne6 16. Nd5 Qd8 17. Nc3 Nxd4 18. Bxd4 Be6 19. Qd2 Qc7 20. f5 Bc4 21. b3 Ba6
22. Rad1 d5 23. fxg6 fxg6 24. Qg5 Qf7 25. exd5 cxd5 26. Nxd5 1-0

[Event "Schachfestival 2012"]
[Site "Bad WÃ¶rishofen"]
[Date "2012.03.04"]
[Round "3.2"]
[White "Donchenko, Anatoly"]
[Black "Epishin, Vladimir"]
[Result "0-1"]
[WhiteElo "2376"]
[BlackElo "2559"]
[PlyCount "90"]
[EventDate "2012.??.??"]

1. Nf3 d5 2. d4 Nf6 3. c4 e6 4. e3 Nbd7 5. Nbd2 Be7 6. b3 O-O 7. Bb2 b6 8. Be2
Bb7 9. O-O Rc8 10. Rc1 c5 11. Rc2 cxd4 12. Nxd4 dxc4 13. Nxc4 a6 14. Bf3 Nd5
15. Bxd5 Bxd5 16. Nf5 exf5 17. Qxd5 b5 18. Na3 Bxa3 19. Rxc8 Qxc8 20. Bxa3 Nf6
21. Qc5 Qxc5 22. Bxc5 Rc8 23. Bd4 Nd5 24. g3 f6 25. a4 b4 26. Rd1 Kf7 27. Bb2
Ke6 28. Rc1 Rxc1+ 29. Bxc1 Ne7 30. Bd2 Nc6 31. Kf1 g5 32. h3 g4 33. hxg4 fxg4
34. Ke2 Kd5 35. f3 f5 36. fxg4 fxg4 37. Kd3 Ne5+ 38. Ke2 a5 39. Bc1 Nc6 40. e4+
Kxe4 41. Be3 Ne5 42. Bb6 Nc6 43. Bc7 Nd4+ 44. Kf2 Nxb3 45. Bb6 Kd3 0-1

[Event "Schachfestival 2012"]
[Site "Bad WÃ¶rishofen"]
[Date "2012.03.04"]
[Round "3.4"]
[White "Pirrot, Dieter"]
[Black "Korchnoi, Viktor"]
[Result "1/2-1/2"]
[WhiteElo "2371"]
[BlackElo "2549"]
[PlyCount "97"]
[EventDate "2012.??.??"]

1. e4 e5 2. Nf3 Nc6 3. d4 exd4 4. c3 dxc3 5. Bc4 d6 6. Nxc3 Be6 7. Bxe6 fxe6 8.
Qb3 Qd7 9. Qxb7 Rb8 10. Qa6 Be7 11. O-O Bf6 12. Be3 Rxb2 13. Rac1 Nge7 14. Bxa7
O-O 15. Be3 Rfb8 16. Rfd1 Qc8 17. Qxc8+ Rxc8 18. Ng5 Nd8 19. a4 Rb3 20. e5 Bxe5
21. Nb5 Nd5 22. Nf3 Rb4 23. Nxe5 dxe5 24. Nc3 Nxe3 25. fxe3 Ra8 26. Rd7 Rc4 27.
Ne2 Rxc1+ 28. Nxc1 Nf7 29. Rxc7 Kf8 30. Rc4 Nd6 31. Rb4 Rc8 32. Nb3 Rc2 33. a5
Ra2 34. Nc5 Rxa5 35. Nxe6+ Ke7 36. Ng5 h6 37. Nf3 Ra1+ 38. Kf2 Ra2+ 39. Kf1 Ke6
40. e4 Rc2 41. Ra4 g5 42. h3 Nc4 43. Ra6+ Ke7 44. Rxh6 Ne3+ 45. Ke1 Nxg2+ 46.
Kd1 Ne3+ 47. Ke1 g4 48. hxg4 Nxg4 49. Rg6 1/2-1/2

[Event "Schachfestival 2012"]
[Site "Bad WÃ¶rishofen"]
[Date "2012.03.04"]
[Round "3.6"]
[White "Wichmann, Cliff"]
[Black "Pap, Misa"]
[Result "0-1"]
[WhiteElo "2361"]
[BlackElo "2501"]
[PlyCount "54"]
[EventDate "2012.??.??"]

1. d4 Nf6 2. c4 c5 3. d5 b5 4. Qc2 bxc4 5. e4 e6 6. Nc3 exd5 7. e5 Ng4 8. Nxd5
Nxe5 9. Nf3 Bd6 10. Nxe5 Bxe5 11. f4 Bd4 12. Qe4+ Kf8 13. Bxc4 Nc6 14. Be3 Bb7
15. O-O Qe8 16. Qf3 Qe6 17. Bf2 Ne7 18. Bxd4 cxd4 19. Rae1 Bxd5 20. Qa3 Bxc4
21. Rxe6 fxe6 22. Rc1 Bd5 23. f5 exf5 24. g4 Kf7 25. Qd3 Rhc8 26. Re1 Be6 27.
Qxd4 Rc4 0-1

[Event "Schachfestival 2012"]
[Site "Bad WÃ¶rishofen"]
[Date "2012.03.04"]
[Round "3.12"]
[White "Kannenberg, Karl-Heinz"]
[Black "Karpatchev, Alexandr"]
[Result "1-0"]
[WhiteElo "2215"]
[BlackElo "2443"]
[PlyCount "47"]
[EventDate "2012.??.??"]

1. d4 d5 2. Nf3 Nf6 3. e3 c5 4. c3 Nbd7 5. Bd3 g6 6. Nbd2 Bg7 7. O-O O-O 8. Re1
Re8 9. e4 cxd4 10. cxd4 e5 11. dxe5 Nxe5 12. Nxe5 Rxe5 13. exd5 Bg4 14. f3 Qb6+
15. Kh1 Rxe1+ 16. Qxe1 Re8 17. Ne4 Nxe4 18. fxe4 Bc8 19. Qf1 a6 20. Rb1 f5 21.
exf5 Rf8 22. Bg5 Bxf5 23. Be7 Qd4 24. Bxf8 1-0

[Event "Schachfestival 2012"]
[Site "Bad WÃ¶rishofen"]
[Date "2012.03.04"]
[Round "3.23"]
[White "Schäfer, Michael"]
[Black "Höller, Armin"]
[Result "1/2-1/2"]
[WhiteElo "2231"]
[BlackElo "2063"]
[PlyCount "47"]
[EventDate "2012.??.??"]

1. d4 f5 2. Bg5 Nf6 3. Bxf6 exf6 4. e3 d5 5. Bd3 Be6 6. Qf3 Qd7 7. Ne2 Nc6 8.
a3 O-O-O 9. Nbc3 g5 10. g3 Kb8 11. O-O-O Na5 12. h4 h5 13. Kb1 c6 14. Na4 b6
15. Nac3 b5 16. Nc1 Nc4 17. Nb3 f4 18. gxf4 Bg4 19. Qg3 gxf4 20. Qxf4+ Bd6 21.
Qxf6 Rdf8 22. Qg6 Rfg8 23. Qf6 Rf8 24. Qg6 1/2-1/2